000 00721nam a2200217Ii 4500
003 JO-AjNU
008 230605s9999||||xx |||||||||||||| ||und||
017 _a2006/8/2404
040 _aJO-AjNU
_bara
_erda
_cJO-AjNU
041 _aara
050 1 4 _aK1705.2006
100 3 _a الزعبي ، تيسير أحمد ,
_eauthor
_921525
245 0 0 _aقانون العمل رقم (8) لسنة 1996م وتعديلاتة
250 _a(د،ط)
264 3 1 _aعمان : تيسير احمد الزعبي ، 2006
300 _a63ص
336 _atext
_btxt
_2rdacontent
337 _aunmediated
_bn
_2rdamedia
338 _avolume
_bnc
_2rdacarrier
650 4 _aالقانون العمل والعمال -- الأردن
_921526
999 _aA7491
_c11059
_d11059